| 000 | 00331nam a22001337a 4500 | ||
|---|---|---|---|
| 020 | _a978126544950 | ||
| 082 |
_a664 _bSMI/FU |
||
| 100 |
_aSmith J Scott _91219 |
||
| 245 | _aFood Precessing: Principles and applications | ||
| 260 |
_aNew Delhi _bWiley India Pvt Ltd _c2014 |
||
| 300 | _a511 | ||
| 700 |
_aHui, Y.H _9425 |
||
| 942 | _cBK | ||
| 999 |
_c14695 _d14695 |
||